words start P [250 common english word] - Statistics

General Stats
  • This quiz has been taken 10 times
  • The average score is 5 of 11
Answer Stats
lp Answer % Correct
2 part
80%
11 put
80%
3 people
60%
7 play
60%
1 page
40%
5 place
40%
4 picture
30%
6 plant
20%
8 point
20%
9 port
20%
10 press
10%
No matching quizzes found
Score Distribution
Percent of People with Each Score
Percentile by Number Answered
Your Score History
You have not taken this quiz